Propuesta de creación del departamento de servicio al cliente en la empresa de protección y vigilancia EMPROVISA
Presenta la propuesta de creación del departamento de servicio al cliente en la empresa de protección y vigilancia EMPROVISA, mediante la identificación de las causas de la insatisfacción de los clientes de la empresa, se utilizó la metodología de carácter no experimental de enfoque mixto....
| Main Authors: | , , |
|---|---|
| Other Authors: | |
| Format: | Tesis Section = Libro |
| Language: | Undetermined Spanish |
| Published: |
Managua
UNI
2015
|
| Subjects: |
| LEADER | 01261nam a2200277Ia 4500 | ||
|---|---|---|---|
| 008 | 240830s9999 xx 000 0 und d | ||
| 040 | |a BIBLIOTECA-RUPAP Mon 658.812 B562 | ||
| 041 | |a spa | ||
| 082 | |a Mon 658.812 B562 | ||
| 100 | 1 | |a Beteta Sánchez, Cristhel Omara | |
| 100 | 1 | |b Guerrero Gutiérrez, Francisco José | |
| 100 | 1 | |c García Soza, Gabriela Dalila | |
| 245 | 1 | 0 | |a Propuesta de creación del departamento de servicio al cliente en la empresa de protección y vigilancia EMPROVISA |
| 260 | |a Managua |b UNI |c 2015 | ||
| 300 | |a 134 p. :il. | ||
| 500 | |a Contiene: anexos e Incluye: CD. | ||
| 502 | |a Tesis (Ingeniero Industrial)- UNI, 2015. | ||
| 520 | 3 | |a Presenta la propuesta de creación del departamento de servicio al cliente en la empresa de protección y vigilancia EMPROVISA, mediante la identificación de las causas de la insatisfacción de los clientes de la empresa, se utilizó la metodología de carácter no experimental de enfoque mixto. | |
| 650 | 7 | |a ATENCIO AL CLIENTE | |
| 650 | 7 | |b CALIDAD DE SERVICIO | |
| 650 | 7 | |c SATISFACCION DEL CLIENTE | |
| 650 | 7 | |d PLAN ESTRATEGICO DEL SERVICIO DE ATENCION AL CLIENTE | |
| 700 | 1 | |a Tutor: |b Fuentes Espinoza, Oscar Danilo | |
| 942 | |c BK |2 ddc | ||
| 991 | |a TESIS | ||
| 999 | |c 17659 | ||